000 00332nam a22001457a 4500
020 _a81-85419-70-1
041 _aENG
100 _aBose.R.K
245 _aClearing the air Better Vehicles,Better Fuels
260 _aDelhi
_bTeri
_c2001
300 _a345
650 _aEOES
700 _aSundar.S,Nesamani.K.S
856 _uM.Tech ( 7 )
999 _c1057
_d1057